Normal view
MARC view
Entry Personal Name
001 - CONTROL NUMBER
- control field: 45389
003 - CONTROL NUMBER IDENTIFIER
- control field: OSt
005 - DATE AND TIME OF LATEST TRANSACTION
- control field: 20240701155221.0
008 - FIXED-LENGTH DATA ELEMENTS
- fixed length control field: 240701|| aca||aabn | a|a d
040 ## - CATALOGING SOURCE
- Original cataloging agency: OSt
- Transcribing agency: OSt
100 ## - HEADING--PERSONAL NAME
- Personal name: Puja Dudeja ,Ashok K. Jindal
670 ## - SOURCE DATA FOUND
- Source citation: Work cat.: (OSt)61119: Rajvir Bhalwar 45384, Textbook of Community Medicine, 2019
